Reconociendo el mérito docente: Programa de Asignación de Excelencia Pedagógica, 2002-2014

Spremljeno u:
Bibliografski detalji
Glavni autori: Rodríguez, Beatriz (Autor), Peirano, Claudia (Autor), González, Roberto (Autor), Bravo, David (Autor)
Daljnji autori: Manzi Astudillo, Jorge Manuel (autor)
Format: Knjiga
Jezik:španjolski
Izdano: Santiago Pontificia Universidad Católica de Chile 2015
Izdanje:1a. ed
Teme:
Oznake: Dodaj oznaku
Bez oznaka, Budi prvi tko označuje ovaj zapis!

MARC

LEADER 00000cam a2200000 a 4500
001 UCD0776
003 CL-VaPUC
008 151218e20150000cl |||||||||||||||||spa|d
082 0 4 |a 371.144  |b ROD  |2 21 
100 0 |a Rodríguez, Beatriz  |e author  |9 583798 
700 |a Manzi Astudillo, Jorge Manuel  |e autor  |9 862328 
700 0 |a Peirano, Claudia  |e author  |9 583800 
700 0 |a González, Roberto  |e author  |9 583801 
700 0 |a Bravo, David  |e author  |9 583802 
245 1 0 |a Reconociendo el mérito docente: Programa de Asignación de Excelencia Pedagógica, 2002-2014 
250 |a 1a. ed 
300 |a 348 p 
942 |c BK 
945 |d 20151218 14:15:00  |a dcastane 
260 |a Santiago  |b Pontificia Universidad Católica de Chile  |c 2015 
650 0 |a Evaluación docente  |9 382859 
650 0 |a Formación profesional de profesores  |9 307493 
650 0 |a Estudiantes   |9 257640 
650 0 |a Profesores   |9 308968 
583 |a last modification  |c 20151218 14:15:00  |k Rodrigo Vera 
999 |c 362229  |d 362227 
952 |0 0  |1 0  |3 erd  |4 0  |6 371_144000000000000_ROD_2015  |7 0  |8 A  |9 473223  |a BIBEDU  |b BIBEDU  |i 5257328  |l 1  |o 371.144 ROD 2015  |p 5257328  |r 2023-01-16  |s 2022-11-28  |w 2019-11-24  |y BK  |z Catalogado en:20151218  |k EPE